<?xml version="1.0" encoding="UTF-8"?>
<collection xmlns="http://www.loc.gov/MARC21/slim">
 <record>
  <leader>01717nam a2200217Ia 4500</leader>
  <controlfield tag="001">TDMU_22313</controlfield>
  <controlfield tag="008">210410s9999    xx            000 0 und d</controlfield>
  <datafield tag="082" ind1=" " ind2=" ">
   <subfield code="a">624.18340218597</subfield>
  </datafield>
  <datafield tag="090" ind1=" " ind2=" ">
   <subfield code="b">B450</subfield>
  </datafield>
  <datafield tag="100" ind1=" " ind2=" ">
   <subfield code="a">Bộ Xây dựng</subfield>
  </datafield>
  <datafield tag="245" ind1=" " ind2="0">
   <subfield code="a">Kết cấu bê tông và bê tông cốt thép - Tiêu chuẩn thiết kế TCVN 5574:2012</subfield>
  </datafield>
  <datafield tag="245" ind1=" " ind2="0">
   <subfield code="b">Concrete and reinforce structures - Design standard</subfield>
  </datafield>
  <datafield tag="245" ind1=" " ind2="0">
   <subfield code="c">Viện Khoa học Công nghệ Xây dựng (Bộ Xây dựng)</subfield>
  </datafield>
  <datafield tag="260" ind1=" " ind2=" ">
   <subfield code="a">H.</subfield>
  </datafield>
  <datafield tag="260" ind1=" " ind2=" ">
   <subfield code="b">Xây dựng</subfield>
  </datafield>
  <datafield tag="260" ind1=" " ind2=" ">
   <subfield code="c">2014</subfield>
  </datafield>
  <datafield tag="300" ind1=" " ind2=" ">
   <subfield code="a">162 tr.</subfield>
  </datafield>
  <datafield tag="520" ind1=" " ind2=" ">
   <subfield code="a">Trình bày các nội dung: Phạm vi áp dụng; Tài liệu viện dẫn; Thuật ngữ, đơn vị đo và ký hiệu; Chỉ dẫn chung; Vật liệu dùng cho kết cấu bê tông và bê tông cốt thép; Tính toán cấu kiện bê tông, bê tông cốt thép theo trạng thái giới hạn thứ nhất; Tính toán cấu kiện bê tông cốt thép theo trạng thái giới hạn thứ hai; Các yêu cầu cấu tạo; Các yêu cầu tính toán và cấu tạo kết cấu bê tông cốt thép khi sữa chữa lớn nhà và công trình; KR021 Kết cấu Công trình 1: Bê tông cốt thép; KR028 Đồ án kết cấu công trình (sàn)</subfield>
  </datafield>
  <datafield tag="650" ind1=" " ind2=" ">
   <subfield code="a">Kết cấu bê tông</subfield>
   <subfield code="x">Tiêu chuẩn thiết kế</subfield>
   <subfield code="z">Việt Nam; Vật liệu xây dựng</subfield>
   <subfield code="x">Tiêu chuẩn thiết kế</subfield>
  </datafield>
  <datafield tag="856" ind1=" " ind2=" ">
   <subfield code="u">http://lrc.tdmu.edu.vn/opac/search/detail.asp?aID=2&amp;ID=22313</subfield>
  </datafield>
  <datafield tag="980" ind1=" " ind2=" ">
   <subfield code="a">Trung tâm Học liệu Trường Đại học Thủ Dầu Một</subfield>
  </datafield>
 </record>
</collection>
